00237nam a22000977a 4500020001800000082002100018100002100039245004100060260003000101300000800131 a9781482231885 a632.7 HOFb29952 aKlaus.H.Hoffmann aInsect Molecular Biology and Ecology aNew YorkbCRC Pressc2015 a412